|
|
|
|
| LEADER |
01876nam a2200421 a 4500 |
| 001 |
EBC692796 |
| 003 |
MiAaPQ |
| 005 |
20191030193400.0 |
| 006 |
m o d | |
| 007 |
cr cn||||||||| |
| 008 |
100824s2011 dcuad sb 001 0 eng d |
| 010 |
|
|
|z 2010032302
|
| 020 |
|
|
|z 9780821385050
|
| 020 |
|
|
|a 9780821385562 (electronic bk.)
|
| 020 |
|
|
|a 9780821385562 (electronic bk.)
|
| 035 |
|
|
|a (MiAaPQ)EBC692796
|
| 035 |
|
|
|a (Au-PeEL)EBL692796
|
| 035 |
|
|
|a (CaPaEBR)ebr10468639
|
| 035 |
|
|
|a (CaONFJC)MIL310007
|
| 035 |
|
|
|a (OCoLC)732957590
|
| 040 |
|
|
|a MiAaPQ
|c MiAaPQ
|d MiAaPQ
|
| 050 |
|
4 |
|a JF1351
|b .A246 2011
|
| 082 |
0 |
4 |
|a 320.01
|2 22
|
| 245 |
0 |
0 |
|a Accountability through public opinion
|h [electronic resource] :
|b from inertia to public action /
|c Sina Odugbemi, Taeku Lee, editors.
|
| 260 |
|
|
|a Washington, D.C. :
|b World Bank,
|c 2011.
|
| 300 |
|
|
|a xxv, 507 p. :
|b ill.
|
| 504 |
|
|
|a Includes bibliographical references and index.
|
| 505 |
0 |
|
|a section 1. Foundations -- sections 2. Structural context -- section 3. Information and accountability -- section 4. Building capacity through media institutions (media and journalism) -- section 5. Deliberation and accountability -- section 6. Power and public opinion (mobilizing public opinion) -- section 7. Case studies -- section 8. Conclusion.
|
| 533 |
|
|
|a Electronic reproduction. Ann Arbor, MI : ProQuest, 2016. Available via World Wide Web. Access may be limited to ProQuest affiliated libraries.
|
| 650 |
|
0 |
|a Government accountability.
|
| 650 |
|
0 |
|a Municipal services
|x Public opinion.
|
| 650 |
|
0 |
|a Organizational effectiveness.
|
| 650 |
|
0 |
|a Performance
|x Management.
|
| 655 |
|
4 |
|a Electronic books.
|
| 700 |
1 |
|
|a Odugbemi, Sina.
|
| 700 |
1 |
|
|a Lee, Taeku.
|
| 710 |
2 |
|
|a ProQuest (Firm)
|
| 856 |
4 |
0 |
|u https://ebookcentral.proquest.com/lib/matrademy/detail.action?docID=692796
|z Click to View
|